Sports Quiz

Random Sports or NFL Quiz
Score 0/24 Timer 05:00
6 Plays Today
% Correct
Chicago Bulls
98.7%
Arizona Cardinals
92.2%
San Francisco 49ers
91.5%
Tampa Bay Buccaneers
90.2%
Miami Heat
88.9%
Pittsburgh Penguins
85.3%
Atlanta Hawks
84.9%
New York Knicks
84.2%
Detroit Tigers
83.6%
Atlanta Braves
83.2%
Boston Bruins
82.3%
Los Angeles Kings
79.2%
% Correct
Tennessee Titans
78.6%
Utah Jazz
78.2%
New Orleans Pelicans
76.8%
Philadelphia Flyers
75.7%
Kansas City Royals
75.1%
Edmonton Oilers
74.6%
Philadelphia 76ers
73.7%
St. Louis Blues
70.9%
Montreal Canadiens
66.1%
Cleveland Cavaliers
62.9%
Winnipeg Jets
62.3%
Milwaukee Brewers
61%
Remove Ads.
Support Sporcle.
Get the best of Sporcle when you Go Orange. This ad-free experience offers more features, more stats, and more fun while also helping to support Sporcle. Thank you for becoming a member.

You're not logged in!

Compare scores with friends on all Sporcle quizzes.
OR
Log In

Show Comments

Extras

Top Quizzes Today


Score Distribution

Your Account Isn't Verified!

In order to create a playlist on Sporcle, you need to verify the email address you used during registration. Go to your Sporcle Settings to finish the process.

Report this User

Report this user for behavior that violates our Community Guidelines.

Details: